[Event "EICC 2021"]
[Site "Reykjavik"]
[Date "2021.09.05"]
[Round "11.36"]
[White "Vrolijk, Liam"]
[Black "Van Foreest, Lucas"]
[Result "1/2-1/2"]
[WhiteElo "2480"]
[BlackElo "2544"]
[Annotator "ChessBase"]
[PlyCount "50"]
[EventDate "2021.08.26"]
[EventType "swiss"]
[EventCountry "ISL"]
[Tiebreak "Cut1 Buchholz"]
[SourceTitle "playchess.com"]
[Source "ChessBase"]
[SourceQuality "1"]
[TimeControl "40/5400+30:1800+30"]

1. d4 {[%emt 0:00:03]} e6 {[%emt 0:00:14]} 2. Nf3 {[%emt 0:00:14]} d5 {[%emt 0:
00:14]} 3. c4 {[%emt 0:01:00]} Nf6 {[%emt 0:00:16]} 4. Nc3 {[%emt 0:00:09]}
dxc4 {[%emt 0:00:28]} 5. e4 {[%emt 0:00:20]} Bb4 {[%emt 0:00:35]} 6. Bg5 {
[%emt 0:00:21]} c5 {[%emt 0:00:20]} 7. Bxc4 {[%emt 0:03:38]} cxd4 {[%emt 0:00:
17]} 8. Nxd4 {[%emt 0:00:08]} Bxc3+ {[%emt 0:00:05]} 9. bxc3 {[%emt 0:00:11]}
Qa5 {[%emt 0:00:04]} 10. Bxf6 {[%emt 0:03:26]} Qxc3+ {[%emt 0:00:06]} 11. Kf1 {
[%emt 0:00:09]} gxf6 {[%emt 0:00:04]} 12. Rc1 {[%emt 0:00:29]} Qa5 {[%emt 0:00:
08]} 13. Bb5+ {[%emt 0:04:13]} Ke7 {[%emt 0:00:09]} 14. e5 {[%emt 0:00:42]}
fxe5 {[%emt 0:00:50]} 15. Qh5 {[%emt 0:00:48]} Nd7 {[%emt 0:00:56]} 16. Qg5+ {
[%emt 0:00:42]} Kf8 {[%emt 0:00:15]} 17. Rxc8+ {[%emt 0:00:48]} Rxc8 {[%emt 0:
00:03]} 18. Bxd7 {[%emt 0:00:11]} Qd8 {[%emt 0:00:10]} 19. Nxe6+ {[%emt 0:00:
19]} fxe6 {[%emt 0:00:05]} 20. Qh6+ {[%emt 0:00:07]} Ke7 {[%emt 0:00:29]} 21.
Qxe6+ {[%emt 0:00:08]} Kf8 {[%emt 0:00:03]} 22. Qh6+ {[%emt 0:00:13]} Ke7 {
[%emt 0:00:05]} 23. Qe6+ {[%emt 0:00:05]} Kf8 {[%emt 0:00:01]} 24. Qh6+ {
[%emt 0:00:09]} Ke7 {[%emt 0:00:06]} 25. Qe6+ {[%emt 0:00:15]} Kf8 {[%emt 0:00:
06]} 1/2-1/2

[Event "EICC 2021"]
[Site "Reykjavik"]
[Date "2021.09.05"]
[Round "11.37"]
[White "Loiseau, Quentin"]
[Black "Valsecchi, Alessio"]
[Result "1/2-1/2"]
[WhiteElo "2466"]
[BlackElo "2527"]
[Annotator "ChessBase"]
[PlyCount "152"]
[EventDate "2021.08.26"]
[EventType "swiss"]
[EventCountry "ISL"]
[Tiebreak "Cut1 Buchholz"]
[SourceTitle "playchess.com"]
[Source "ChessBase"]
[SourceQuality "1"]
[TimeControl "40/5400+30:1800+30"]

1. d4 {[%emt 0:00:08]} Nf6 {[%emt 0:00:31]} 2. c4 {[%emt 0:00:21]} e6 {[%emt 0:
00:09]} 3. Nf3 {[%emt 0:00:22]} d5 {[%emt 0:00:11]} 4. Nc3 {[%emt 0:00:06]}
dxc4 {[%emt 0:00:38]} 5. e4 {[%emt 0:00:18]} b5 {[%emt 0:00:11]} 6. Nxb5 {
[%emt 0:02:02]} Nxe4 {[%emt 0:00:18]} 7. Qa4 {[%emt 0:00:10]} c6 {[%emt 0:00:
57]} 8. Nc3 {[%emt 0:06:42]} Nd6 {[%emt 0:00:19]} 9. Bf4 {[%emt 0:06:07]} Qb6 {
[%emt 0:13:51]} 10. Be2 {[%emt 0:11:18]} Ba6 {[%emt 0:27:08]} 11. O-O {[%emt 0:
07:37]} Bb5 {[%emt 0:00:37]} 12. Qc2 {[%emt 0:01:08]} Na6 {[%emt 0:05:15]} 13.
Bxd6 {[%emt 0:11:32]} Bxd6 {[%emt 0:00:07]} 14. Qe4 {[%emt 0:00:02]} Nc7 {
[%emt 0:01:39]} 15. a4 {[%emt 0:10:11]} Ba6 {[%emt 0:01:15]} 16. a5 {[%emt 0:
00:14]} Qb7 {[%emt 0:04:02]} 17. Ne5 {[%emt 0:13:42]} O-O {[%emt 0:13:05]} 18.
Nxc6 {[%emt 0:08:57]} Qxb2 {[%emt 0:02:47]} 19. Na4 {[%emt 0:06:58]} Qb5 {
[%emt 0:04:29]} 20. Rfb1 {[%emt 0:02:01]} Qg5 {[%emt 0:01:47]} 21. Ne5 {
[%emt 0:06:09]} Bxe5 {[%emt 0:05:24]} 22. dxe5 {[%emt 0:00:09]} Nd5 {[%emt 0:
00:40]} 23. g3 {[%emt 0:03:52]} Rac8 {[%emt 0:00:41]} 24. Qd4 {[%emt 0:00:30]}
Qe7 {[%emt 0:00:49]} 25. Rc1 {[%emt 0:00:25]} Rfd8 {[%emt 0:01:15]} 26. Bf1 {
[%emt 0:01:02]} g6 {[%emt 0:02:54]} 27. Nb2 {[%emt 0:00:32]} Nb4 {[%emt 0:00:
57]} 28. Qe3 {[%emt 0:01:02]} c3 {[%emt 0:02:08]} 29. Rxc3 {[%emt 0:00:28]} Nd5
{[%emt 0:01:04]} 30. Rxc8 {[%emt 0:00:43]} Nxe3 {[%emt 0:00:11]} 31. Rxd8+ {
[%emt 0:00:30]} Qxd8 {[%emt 0:00:02]} 32. Bxa6 {[%emt 0:00:07]} Qd4 {[%emt 0:
02:04]} 33. Ra3 {[%emt 0:00:21]} Qxe5 {[%emt 0:01:07]} 34. Rxe3 {[%emt 0:00:12]
} Qxb2 {[%emt 0:01:11]} 35. Bf1 {[%emt 0:00:02]} a6 {[%emt 0:00:32]} 36. Bxa6 {
[%emt 0:00:18]} Qa1+ {[%emt 0:00:05]} 37. Kg2 {[%emt 0:00:38]} Qxa5 {[%emt 0:
00:07]} 38. Be2 {[%emt 0:00:02]} e5 {[%emt 0:02:39]} 39. h4 {[%emt 0:00:54]} f5
{[%emt 0:01:33]} 40. Bc4+ {[%emt 0:00:06]} Kg7 {[%emt 0:00:33]} 41. Be2 {
[%emt 0:05:53]} Kf6 {[%emt 0:02:57]} 42. Rd3 {[%emt 0:04:30]} Qc5 {[%emt 0:00:
23]} 43. Kg1 {[%emt 0:03:22]} Qb4 {[%emt 0:00:15]} 44. Rd7 {[%emt 0:00:53]}
Qe1+ {[%emt 0:02:07]} 45. Bf1 {[%emt 0:00:02]} e4 {[%emt 0:01:21]} 46. Kg2 {
[%emt 0:01:53]} Qc3 {[%emt 0:03:40]} 47. Kg1 {[%emt 0:01:52]} Qc1 {[%emt 0:02:
07]} 48. Rxh7 {[%emt 0:01:17]} Qe1 {[%emt 0:08:16]} 49. Ra7 {[%emt 0:01:44]} f4
{[%emt 0:01:55]} 50. gxf4 {[%emt 0:01:27]} e3 {[%emt 0:01:05]} 51. Ra2 {
[%emt 0:00:53]} Kf5 {[%emt 0:00:11]} 52. Re2 {[%emt 0:01:02]} exf2+ {[%emt 0:
00:07]} 53. Kg2 {[%emt 0:01:46]} Kg4 {[%emt 0:01:40]} 54. Rxf2 {[%emt 0:01:47]}
Qe3 {[%emt 0:00:17]} 55. Be2+ {[%emt 0:01:50]} Kxh4 {[%emt 0:00:20]} 56. Kf1 {
[%emt 0:01:08]} Qc1+ {[%emt 0:04:30]} 57. Kg2 {[%emt 0:00:29]} Qe3 {[%emt 0:00:
56]} 58. Kf1 {[%emt 0:00:08]} Kg3 {[%emt 0:00:04]} 59. Rg2+ {[%emt 0:00:15]}
Kh3 {[%emt 0:00:21]} 60. Rxg6 {[%emt 0:00:49]} Qxf4+ {[%emt 0:03:12]} 61. Ke1 {
[%emt 0:01:01]} Qb4+ {[%emt 0:00:15]} 62. Kf2 {[%emt 0:00:30]} Qc5+ {[%emt 0:
00:08]} 63. Ke1 {[%emt 0:00:11]} Qa5+ {[%emt 0:00:13]} 64. Kd1 {[%emt 0:00:28]}
Qa4+ {[%emt 0:01:17]} 65. Ke1 {[%emt 0:01:32]} Qb4+ {[%emt 0:02:36]} 66. Kf2 {
[%emt 0:00:21]} Qc5+ {[%emt 0:00:23]} 67. Ke1 {[%emt 0:00:08]} Qa5+ {[%emt 0:
00:23]} 68. Kd1 {[%emt 0:00:06]} Qa1+ {[%emt 0:00:05]} 69. Kd2 {[%emt 0:01:05]}
Qb2+ {[%emt 0:00:23]} 70. Ke3 {[%emt 0:00:26]} Qe5+ {[%emt 0:00:27]} 71. Kd2 {
[%emt 0:00:06]} Qf4+ {[%emt 0:00:29]} 72. Ke1 {[%emt 0:00:16]} Qe4 {[%emt 0:00:
15]} 73. Rg4 {[%emt 0:00:10]} Qe3 {[%emt 0:00:05]} 74. Kf1 {[%emt 0:00:32]} Qe5
{[%emt 0:02:21]} 75. Kf2 {[%emt 0:00:07]} Qxe2+ {[%emt 0:00:20]} 76. Kxe2 {
[%emt 0:00:05]} Kxg4 {[%emt 0:00:36]} 1/2-1/2

[Event "EICC 2021"]
[Site "Reykjavik"]
[Date "2021.09.05"]
[Round "11.38"]
[White "Petrov, Martin"]
[Black "Petkov, Momchil"]
[Result "1/2-1/2"]
[WhiteElo "2521"]
[BlackElo "2443"]
[Annotator "ChessBase"]
[PlyCount "104"]
[EventDate "2021.08.26"]
[EventType "swiss"]
[EventCountry "ISL"]
[Tiebreak "Cut1 Buchholz"]
[SourceTitle "playchess.com"]
[Source "ChessBase"]
[SourceQuality "1"]
[TimeControl "40/5400+30:1800+30"]

1. e4 {[%emt 0:00:15]} c5 {[%emt 0:00:11]} 2. Nf3 {[%emt 0:00:22]} d6 {[%emt 0:
00:12]} 3. Bb5+ {[%emt 0:00:27]} Nd7 {[%emt 0:00:27]} 4. c3 {[%emt 0:00:07]}
Ngf6 {[%emt 0:00:27]} 5. Qe2 {[%emt 0:00:07]} a6 {[%emt 0:00:44]} 6. Ba4 {
[%emt 0:00:06]} b5 {[%emt 0:00:17]} 7. Bc2 {[%emt 0:00:06]} Bb7 {[%emt 0:00:13]
} 8. d4 {[%emt 0:00:08]} e6 {[%emt 0:03:39]} 9. O-O {[%emt 0:01:09]} Be7 {
[%emt 0:02:56]} 10. Re1 {[%emt 0:00:08]} Qc7 {[%emt 0:01:43]} 11. a4 {[%emt 0:
00:15]} O-O {[%emt 0:08:42]} 12. axb5 {[%emt 0:00:58]} axb5 {[%emt 0:00:07]}
13. Rxa8 {[%emt 0:00:05]} Rxa8 {[%emt 0:08:12]} 14. Na3 {[%emt 0:00:05]} b4 {
[%emt 0:07:50]} 15. Nb5 {[%emt 0:00:04]} Qb8 {[%emt 0:03:34]} 16. e5 {[%emt 0:
11:10]} Bxf3 {[%emt 0:04:50]} 17. gxf3 {[%emt 0:02:45]} Ne8 {[%emt 0:09:36]}
18. dxc5 {[%emt 0:16:40]} dxc5 {[%emt 0:04:39]} 19. Bxh7+ {[%emt 0:14:08]} Kxh7
{[%emt 0:00:06]} 20. Qd3+ {[%emt 0:00:02]} Kg8 {[%emt 0:00:08]} 21. Qxd7 {
[%emt 0:00:04]} Qd8 {[%emt 0:06:15]} 22. Qxd8 {[%emt 0:00:48]} Rxd8 {[%emt 0:
00:12]} 23. Be3 {[%emt 0:01:04]} g6 {[%emt 0:04:06]} 24. Ra1 {[%emt 0:01:05]}
Ng7 {[%emt 0:00:36]} 25. Kf1 {[%emt 0:13:43]} Nf5 {[%emt 0:02:15]} 26. Ke2 {
[%emt 0:00:07]} c4 {[%emt 0:07:30]} 27. Nd4 {[%emt 0:09:31]} Nxe3 {[%emt 0:05:
02]} 28. fxe3 {[%emt 0:02:20]} bxc3 {[%emt 0:00:05]} 29. bxc3 {[%emt 0:00:04]}
Rb8 {[%emt 0:00:07]} 30. Ra2 {[%emt 0:05:04]} Rb1 {[%emt 0:00:24]} 31. f4 {
[%emt 0:00:09]} Rc1 {[%emt 0:01:34]} 32. Nb5 {[%emt 0:06:47]} Bh4 {[%emt 0:04:
38]} 33. Kf3 {[%emt 0:01:46]} Be1 {[%emt 0:01:34]} 34. Ra8+ {[%emt 0:05:27]}
Kg7 {[%emt 0:00:37]} 35. Rc8 {[%emt 0:03:43]} Bxc3 {[%emt 0:02:39]} 36. Rxc4 {
[%emt 0:00:04]} Bb2 {[%emt 0:00:17]} 37. Rb4 {[%emt 0:02:15]} Rc2 {[%emt 0:02:
07]} 38. h4 {[%emt 0:00:03]} f6 {[%emt 0:01:22]} 39. Nd4 {[%emt 0:06:00]} Bxd4
{[%emt 0:00:11]} 40. Rb7+ {[%emt 0:00:04]} Kf8 {[%emt 0:02:29]} 41. exd4 {
[%emt 0:30:03]} fxe5 {[%emt 0:18:50]} 42. fxe5 {[%emt 0:00:00]} Rd2 {[%emt 0:
00:03]} 43. Ke3 {[%emt 0:00:00]} Rg2 {[%emt 0:03:11]} 44. Kf4 {[%emt 0:00:00]}
Rd2 {[%emt 0:00:18]} 45. Kg5 {[%emt 0:00:00]} Rxd4 {[%emt 0:00:06]} 46. Rh7 {
[%emt 0:00:00]} Kg8 {[%emt 0:07:47]} 47. Re7 {[%emt 0:00:00]} Re4 {[%emt 0:00:
30]} 48. Kf6 {[%emt 0:04:09]} Rxh4 {[%emt 0:00:21]} 49. Rxe6 {[%emt 0:00:09]}
Kf8 {[%emt 0:01:57]} 50. Ra6 {[%emt 0:01:21]} Rf4+ {[%emt 0:00:07]} 51. Ke6 {
[%emt 0:00:14]} g5 {[%emt 0:01:01]} 52. Kd7 {[%emt 0:00:32]} g4 {[%emt 0:03:38]
} 1/2-1/2

[Event "EICC 2021"]
[Site "Reykjavik"]
[Date "2021.09.05"]
[Round "11.39"]
[White "Stefansson, Hannes"]
[Black "Subelj, Jan"]
[Result "1/2-1/2"]
[WhiteElo "2519"]
[BlackElo "2412"]
[Annotator "ChessBase"]
[PlyCount "105"]
[EventDate "2021.08.26"]
[EventType "swiss"]
[EventCountry "ISL"]
[Tiebreak "Cut1 Buchholz"]
[SourceTitle "playchess.com"]
[Source "ChessBase"]
[SourceQuality "1"]
[TimeControl "40/5400+30:1800+30"]

1. d4 {[%emt 0:00:06]} Nf6 {[%emt 0:00:24]} 2. c4 {[%emt 0:00:13]} e6 {[%emt 0:
00:17]} 3. Nf3 {[%emt 0:00:11]} d5 {[%emt 0:00:42]} 4. Nc3 {[%emt 0:00:15]}
dxc4 {[%emt 0:01:17]} 5. e3 {[%emt 0:00:32]} a6 {[%emt 0:00:53]} 6. a4 {
[%emt 0:00:45]} b6 {[%emt 0:02:01]} 7. Bxc4 {[%emt 0:00:15]} Bb7 {[%emt 0:00:
08]} 8. O-O {[%emt 0:00:48]} c5 {[%emt 0:01:52]} 9. Qe2 {[%emt 0:02:42]} Nbd7 {
[%emt 0:01:16]} 10. Rd1 {[%emt 0:02:25]} Qc7 {[%emt 0:11:25]} 11. d5 {[%emt 0:
00:28]} exd5 {[%emt 0:00:14]} 12. Nxd5 {[%emt 0:00:05]} Nxd5 {[%emt 0:00:07]}
13. Bxd5 {[%emt 0:00:04]} Bxd5 {[%emt 0:00:06]} 14. Rxd5 {[%emt 0:00:06]} Be7 {
[%emt 0:00:06]} 15. b3 {[%emt 0:01:38]} Nf6 {[%emt 0:03:15]} 16. Rd1 {[%emt 0:
01:34]} O-O {[%emt 0:02:20]} 17. Bb2 {[%emt 0:00:10]} Qb7 {[%emt 0:01:42]} 18.
Ne5 {[%emt 0:00:43]} Rfd8 {[%emt 0:02:01]} 19. Ng4 {[%emt 0:03:17]} Nxg4 {
[%emt 0:00:55]} 20. Qxg4 {[%emt 0:00:05]} Bf8 {[%emt 0:02:07]} 21. h4 {[%emt 0:
15:02]} Rd5 {[%emt 0:03:33]} 22. e4 {[%emt 0:03:01]} h5 {[%emt 0:03:19]} 23.
Qf3 {[%emt 0:02:07]} Rxd1+ {[%emt 0:02:06]} 24. Rxd1 {[%emt 0:00:06]} Re8 {
[%emt 0:01:26]} 25. Rd5 {[%emt 0:01:25]} Qe7 {[%emt 0:03:51]} 26. Re5 {[%emt 0:
01:14]} Qd7 {[%emt 0:02:30]} 27. Rxh5 {[%emt 0:02:31]} Qd2 {[%emt 0:02:47]} 28.
Bc3 {[%emt 0:04:06]} Qc1+ {[%emt 0:01:02]} 29. Kh2 {[%emt 0:00:08]} Qc2 {
[%emt 0:01:31]} 30. e5 {[%emt 0:12:05]} Re6 {[%emt 0:05:21]} 31. Qf5 {[%emt 0:
07:09]} Qxf5 {[%emt 0:00:09]} 32. Rxf5 {[%emt 0:00:06]} b5 {[%emt 0:01:57]} 33.
Rf3 {[%emt 0:02:25]} Rc6 {[%emt 0:01:19]} 34. Rd3 {[%emt 0:07:29]} b4 {[%emt 0:
01:04]} 35. Bd2 {[%emt 0:00:07]} c4 {[%emt 0:00:15]} 36. bxc4 {[%emt 0:00:19]}
Rxc4 {[%emt 0:00:04]} 37. Bg5 {[%emt 0:00:32]} Bc5 {[%emt 0:01:18]} 38. f4 {
[%emt 0:02:16]} Bd4 {[%emt 0:00:06]} 39. h5 {[%emt 0:03:58]} Kh7 {[%emt 0:07:
31]} 40. h6 {[%emt 0:00:36]} gxh6 {[%emt 0:03:05]} 41. Bf6 {[%emt 0:30:05]} Kg6
{[%emt 0:30:04]} 42. g4 {[%emt 0:00:49]} Rc2+ {[%emt 0:00:12]} 43. Kh1 {
[%emt 0:04:07]} Rc1+ {[%emt 0:00:20]} 44. Kg2 {[%emt 0:00:07]} Rc2+ {[%emt 0:
00:02]} 45. Kf3 {[%emt 0:04:56]} Rc3 {[%emt 0:00:04]} 46. Ke4 {[%emt 0:00:07]}
Rxd3 {[%emt 0:00:05]} 47. Kxd3 {[%emt 0:00:04]} b3 {[%emt 0:00:07]} 48. Bh8 {
[%emt 0:00:45]} Kh7 {[%emt 0:04:46]} 49. Bf6 {[%emt 0:02:02]} Kg6 {[%emt 0:00:
04]} 50. Bh4 {[%emt 0:05:01]} h5 {[%emt 0:00:58]} 51. f5+ {[%emt 0:02:34]} Kg7
{[%emt 0:00:05]} 52. Bf6+ {[%emt 0:05:28]} Kh6 {[%emt 0:01:47]} 53. gxh5 {
[%emt 0:02:35]} 1/2-1/2

[Event "EICC 2021"]
[Site "Reykjavik"]
[Date "2021.09.05"]
[Round "11.40"]
[White "Ftacnik, Lubomir"]
[Black "Baltag, Iulian"]
[Result "1/2-1/2"]
[WhiteElo "2513"]
[BlackElo "2410"]
[Annotator "ChessBase"]
[PlyCount "50"]
[EventDate "2021.08.26"]
[EventType "swiss"]
[EventCountry "ISL"]
[Tiebreak "Cut1 Buchholz"]
[SourceTitle "playchess.com"]
[Source "ChessBase"]
[SourceQuality "1"]
[TimeControl "40/5400+30:1800+30"]

1. d4 {[%emt 0:00:04]} f5 {[%emt 0:00:06]} 2. Nf3 {[%emt 0:00:10]} Nf6 {
[%emt 0:00:07]} 3. g3 {[%emt 0:00:12]} g6 {[%emt 0:00:26]} 4. b3 {[%emt 0:00:
08]} Bg7 {[%emt 0:00:16]} 5. Bb2 {[%emt 0:00:07]} O-O {[%emt 0:00:15]} 6. Bg2 {
[%emt 0:00:08]} Ne4 {[%emt 0:00:36]} 7. O-O {[%emt 0:00:50]} d6 {[%emt 0:00:34]
} 8. Nbd2 {[%emt 0:04:07]} Nc6 {[%emt 0:00:13]} 9. e3 {[%emt 0:04:30]} e5 {
[%emt 0:00:50]} 10. dxe5 {[%emt 0:00:26]} Nxd2 {[%emt 0:00:30]} 11. Nxd2 {
[%emt 0:00:22]} dxe5 {[%emt 0:00:58]} 12. Nc4 {[%emt 0:03:06]} e4 {[%emt 0:01:
41]} 13. Bxg7 {[%emt 0:09:49]} Kxg7 {[%emt 0:00:02]} 14. f3 {[%emt 0:00:51]}
exf3 {[%emt 0:00:39]} 15. Bxf3 {[%emt 0:00:32]} Be6 {[%emt 0:03:12]} 16. Bxc6 {
[%emt 0:02:32]} bxc6 {[%emt 0:03:27]} 17. Qxd8 {[%emt 0:13:11]} Rfxd8 {[%emt 0:
00:09]} 18. Ne5 {[%emt 0:02:14]} Bd5 {[%emt 0:01:24]} 19. Nd3 {[%emt 0:11:32]}
Be4 {[%emt 0:02:17]} 20. Nc5 {[%emt 0:02:00]} Rd6 {[%emt 0:04:00]} 21. Nxe4 {
[%emt 0:07:22]} fxe4 {[%emt 0:00:07]} 22. Rf4 {[%emt 0:02:15]} Re8 {[%emt 0:00:
07]} 23. Raf1 {[%emt 0:02:09]} Re7 {[%emt 0:00:47]} 24. Rf8 {[%emt 0:09:36]}
Rd2 {[%emt 0:00:15]} 25. R1f2 {[%emt 0:01:19]} Rd1+ {[%emt 0:04:26]} 1/2-1/2